|
|
|
|
| LEADER |
00000nam0a2200000 4500 |
| 001 |
262840 |
| 005 |
20231101233705.0 |
| 035 |
|
|
|a (RuTPU)RU\TPU\book\285823
|
| 090 |
|
|
|a 262840
|
| 100 |
|
|
|a 20140604d1955 km y0rusy50 ca
|
| 101 |
0 |
|
|a rus
|
| 102 |
|
|
|a RU
|
| 105 |
|
|
|a a z 000zy
|
| 200 |
1 |
|
|a Методы интенсификации работы промышленных газогенераторов
|e рекомендации к применению
|f В. С. Альтшулер
|g Академия наук СССР (АН СССР), Институт горючих ископаемых (ИГИ)
|
| 210 |
|
|
|a Москва
|c Изд-во АН СССР
|d 1955
|
| 215 |
|
|
|a 32 с.
|c ил.
|
| 606 |
1 |
|
|a Газогенераторы
|2 stltpush
|3 (RuTPU)RU\TPU\subj\33358
|9 55624
|
| 610 |
1 |
|
|a промышленные газогенераторы
|
| 610 |
1 |
|
|a интенсификация
|
| 610 |
1 |
|
|a работа
|
| 610 |
1 |
|
|a химические реакции
|
| 610 |
1 |
|
|a тепловой режим
|
| 610 |
1 |
|
|a топливо
|
| 610 |
1 |
|
|a физико-химические свойства
|
| 675 |
|
|
|a 662.76
|v 3
|
| 700 |
|
1 |
|a Альтшулер
|b В. С.
|g Виталий Соломонович
|
| 712 |
0 |
2 |
|a Академия наук СССР (АН СССР)
|b Институт горючих ископаемых (ИГИ)
|c (Москва)
|c (1934-1947)
|2 stltpush
|3 (RuTPU)RU\TPU\col\10830
|
| 801 |
|
1 |
|a RU
|b 63413507
|c 20140604
|
| 801 |
|
2 |
|a RU
|b 63413507
|c 20170913
|g RCR
|
| 942 |
|
|
|c BK
|